El dibujo de arquitectura : teoría e historia de un lenguaje gráfico /
Contiene: Un lenguaje gráfico; El marco teórico; La idea y la imagen; Cualidades y atributos; Instrumental, analítico y expresivo; La construcción de la figura; De la abstracción al realismo; Letras y números; El oficio técnico; Dibujo y arquitectura.
محفوظ في:
| المؤلف الرئيسي: | |
|---|---|
| مؤلفون آخرون: | , |
| التنسيق: | كتاب |
| اللغة: | الإسبانية |
| منشور في: |
Barcelona, España :
Reverté,
2005, c2005
|
| الطبعة: | Ed. corr. y aum. |
| سلاسل: | (Estudios Universitarios de Arquitectura ;
6) |
| الموضوعات: | |
| الوسوم: |
لا توجد وسوم, كن أول من يضع وسما على هذه التسجيلة!
|
MARC
| LEADER | 00000nam^a2200000^a^4500 | ||
|---|---|---|---|
| 001 | 000182701 | ||
| 005 | 20250521000000.0 | ||
| 009 | 20260310102017.273 | ||
| 020 | |a 84-291-2106-4 | ||
| 037 | |a Acervo ITESO - Biblioteca | ||
| 041 | |a ESP | ||
| 082 | |a 720. 284 |b SAI | ||
| 100 | |a Sáinz, Jorge |e (autor) | ||
| 245 | 1 | 3 | |a El dibujo de arquitectura : |b teoría e historia de un lenguaje gráfico / |c J. Sainz ; pref. de J. Ortega ; pról. de J.A. Ramírez. |
| 250 | |a Ed. corr. y aum. | ||
| 264 | 4 | |a Barcelona, España : |b Reverté, |c 2005, c2005 | |
| 300 | |a 253 p. | ||
| 336 | |a texto |b txt |2 rdacontenido | ||
| 337 | |a sin mediación |b n |2 rdamedio | ||
| 338 | |a volumen |b nc |2 rdasoporte | ||
| 440 | 1 | |a (Estudios Universitarios de Arquitectura ; |v 6) | |
| 520 | |a Contiene: Un lenguaje gráfico; El marco teórico; La idea y la imagen; Cualidades y atributos; Instrumental, analítico y expresivo; La construcción de la figura; De la abstracción al realismo; Letras y números; El oficio técnico; Dibujo y arquitectura. | ||
| 649 | |a XX | ||
| 650 | |a Dibujo Arquitectónico - |x Teoría | ||
| 650 | |a Dibujo Arquitectónico - |x Historia | ||
| 650 | |a Planos Arquitectónicos | ||
| 650 | |a Representación Arquitectónica | ||
| 650 | |a Diseño Arquitectónico | ||
| 650 | |a Arquitectura - |x Teoría | ||
| 650 | |a Arquitectura - |x Técnica | ||
| 650 | |a Arquitectura - |x Historia y Crítica | ||
| 650 | |a Arte - |x Teoría | ||
| 650 | |a Arte - |x Técnica | ||
| 650 | |a Arte - |x Historia y Crítica | ||
| 700 | |a Ortega, Javier |e (prefacio) | ||
| 700 | |a Ramírez, Juan Antonio |e (prólogo) | ||
| 910 | |a Fondo General | ||
| 920 | |a Impresos - Libros | ||
| 930 | |a Colección General | ||
| 905 | |a 101 | ||
| 901 | |a 0500122701 |b IT1 |c ACC |u 20250521 | ||
| 902 | |a https://opac.biblio.iteso.mx/vufind/Record/000182701 | ||